00900cam a22002294a 45000010009000000050017000090080041000260100017000670200028000840500025001122450098001372460026002352460062002612600046003233000035003695000098004045000020005026500040005226500048005626500039006107000021006491242813220170114103417.0010531s2001 njua 001 0 eng  a 2001037380 a1576600971 (alk. paper)00aNC 1763 .C45N48 200104aThe New Yorker book of kids cartoons /cedited by Robert Mankoff ; introduction by Roz Chast.30aBook of kids cartoons2 aBook of kids (and the people who live with them) cartoons aPrinceton, NJ :bBloomberg Press,cc2001. axiii, 126 p. :bill. ;c23 cm. aOn t.p. "kids" is followed by an asterisk that refers to "and the people who live with them". aIncludes index. 0aChildrenxCaricatures and cartoons. 0aParent and childxCaricatures and cartoons. 0aAmerican wit and humor, Pictorial.1 aMankoff, Robert.